Movies Quiz

Random Movies Quiz

Christopher Walken in Annie Hall Quiz Stats

 Plays Quiz not verified by Sporcle

Challenge
Share
Tweet
Embed
Score 0/81 Timer 05:00
0 Plays Today
% Correct
the
100%
the
100%
the
100%
the
100%
the
100%
the
100%
the
100%
I
97.8%
I
97.8%
I
97.8%
I
97.8%
I
97.8%
I
97.8%
I
97.8%
an
86%
on
84.9%
on
84.9%
I'm
83.9%
I'm
83.9%
to
80.6%
to
80.6%
driving
79.6%
you
78.5%
when
74.2%
Can
72%
can
72%
car.
71%
% Correct
road
66.7%
at
65.6%
night
64.5%
as
61.3%
tell
60.2%
Sometimes
60.2%
see
60.2%
think
59.1%
this
58.1%
me
58.1%
have
58.1%
this
58.1%
have
58.1%
turn
57%
into
57%
oncoming.
55.9%
artist
54.8%
of
52.7%
of
52.7%
understand.
51.6%
wheel
51.6%
you'll
50.5%
headlights
50.5%
something?
48.4%
coming
48.4%
go
48.4%
because
47.3%
% Correct
because
47.3%
now
44.1%
planet
41.9%
Earth.
40.9%
toward
39.8%
back
37.6%
due
36.6%
glass,
34.4%
gasoline.
34.4%
flames
31.2%
two
30.1%
anticipate
29%
well,
29%
sudden
25.8%
impulse
25.8%
Dwayne,
25.8%
explosion
23.7%
sound
23.7%
shattering
23.7%
out
23.7%
confess
22.6%
fast
19.4%
rising
16.1%
head-on
15.1%
flowing
15.1%
(Alvie) Alright,
9.7%
quickly,
8.6%

You're not logged in!

Compare scores with friends on all Sporcle quizzes.
Join for Free
OR
Log In

You Might Also Like...

Show Comments

Extras

Top Quizzes Today


Score Distribution

Your Account Isn't Verified!

In order to create a playlist on Sporcle, you need to verify the email address you used during registration. Go to your Sporcle Settings to finish the process.

Report this User

Report this user for behavior that violates our Community Guidelines.

Details: